| 000 | 00609nam a2200193Ii 4500 | ||
|---|---|---|---|
| 003 | JO-AjNU | ||
| 008 | 230605s9999||||xx |||||||||||||| ||und|| | ||
| 040 |
_aJO-AjNU _bara _erda _cJO-AjNU |
||
| 041 | _aara | ||
| 050 | 1 | 4 | _aJF1358.A5.1978 |
| 100 | 3 |
_aشريف ، علي , _eauthor _918711 |
|
| 245 | 0 | 0 | _aأصول الإدارة العامة : مدخل النظم |
| 250 | _a(د،ط) | ||
| 264 | 3 | 1 | _aالاسكندرية : دار المطبوعات الجامعية ، 1978 |
| 300 | _a452ص | ||
| 336 |
_atext _btxt _2rdacontent |
||
| 337 |
_aunmediated _bn _2rdamedia |
||
| 338 |
_avolume _bnc _2rdacarrier |
||
| 999 |
_aA6036 _c9604 _d9604 |
||